| 000 | 00289 a2200121 4500 | ||
|---|---|---|---|
| 999 |
_c327574 _d327574 |
||
| 001 | 92501 | ||
| 003 | NUST | ||
| 005 | 20180120144320.0 | ||
| 008 | 180120b xxu||||| |||| 00| 0 eng d | ||
| 082 | _a869.342/COE | ||
| 100 |
_aPaulo Coelho _99185 |
||
| 245 |
_aDavta ki Batian _cFaheem Ahmad Sabri |
||
| 260 |
_aRawalpindi _bRomail _c2015 |
||
| 300 | _a240p. | ||
| 942 |
_aCAE NUST _cBK _k869.342/COE _2ddc |
||